000 00412nam a22001697a 4500
003 UA-OsUOA
001 1016
007 ta
008 20050721b un ||||| |||| 00| 0 ukr d
100 _aКузнецов
700 _aВ. С.
942 _cBK
040 _aUA-OsUOA
_cUA-OsUOA
_dUA-OsUOA
245 _aРусско-англо-польский разговорник.
_bDictionary
955 _a2
650 7 _2UDC
999 _c287178
_d287178